| 000 | 01101nam a2200277 c 4500 | ||
|---|---|---|---|
| 003 | BLK | ||
| 005 | 20180420231553.0 | ||
| 008 | 180409b bul|||||r ||||||| ||bul|| | ||
| 010 | _aKNG00127348000 | ||
| 040 | _aBLK | ||
| 041 |
_aBUL _cBUL |
||
| 080 |
_aБългарска литература _b821.163.2 _x-31 _z821.163.2-31 |
||
| 100 | 1 |
_aАтанасов, Герчо Вичев _eпърви автор _9259608 |
|
| 139 |
_aАтанасов, Герчо Вичев _bА 93 |
||
| 245 | 1 | 0 |
_aСамо мъртвите не говорят _bРоман _cГерчо Вичев Атанасов. |
| 257 | _aBGR | ||
| 260 |
_аПловдив _bХристо Г. Данов _c1986 |
||
| 300 |
_a231 с. _c21 см |
||
| 380 | _aX | ||
| 500 | _a55 137 тир. Кн. е получила ІІ награда на конкурс за романи на съвр. тема '86. | ||
| 852 | _aЦб 145227 | ||
| 856 | 4 |
_qpdf _u |
|
| 856 | 4 |
_qpdf _u |
|
| 942 |
_cKNG _n0 |
||
| 944 |
_aCR _c14.02.2012 _l14.02.2012 - от С1,Р / 14.02.2012 _kДиана_Димитрова |
||
| 944 |
_aED _c08.07.2013 _l14.02.2012 - от С1,Р / 14.02.2012 _k |
||
| 999 |
_c121716 _d121716 |
||